| 000 | 01189nam0a22002891 4500 | ||
|---|---|---|---|
| 001 | rc\3139843 | ||
| 005 | 20120615100947.1 | ||
| 021 |
_aRU _b[75-102995] |
||
| 035 | _a(NLR Aleph) 007318071 | ||
| 090 |
_a5880334 _c5880334 |
||
| 100 | _a20120615d1975 |||y0rusy50 ca | ||
| 101 | 0 | _arus | |
| 102 | _aRU | ||
| 105 | _aag z ||||| | ||
| 200 | 1 |
_aТипология народного эпоса _e[Сборник статей] _fАН СССР, Ин-т мировой литературы им. А.М. Горького _g[Отв. ред. В.М. Гацак] |
|
| 210 |
_aМосква _cНаука _d1975 |
||
| 215 |
_a327 с. _cнот. ил. _d20 |
||
| 320 | _aСписки лит. в примеч. в конце статей | ||
| 320 | _aУказ. имен и персонажей: с. 320-325 | ||
| 606 |
_aЭпос _xТипология _jСборники _2psbo |
||
| 702 | 1 |
_aГацак _bВ. М. _gВиктор Михайлович _4340 |
|
| 712 | 0 | 2 |
_aИнститут мировой литературы им. А. М. Горького _cМосква _3RU\NLR\AUTH\889978472 |
| 801 | 0 |
_aRU _bNLR _gpsbo |
|
| 801 | 1 |
_aRU _bELAR _2rusmarc |
|
| 852 |
_aNLR _j76-3/1925 |
||
| 942 | _cBOOK | ||
| 980 | _aNB | ||